00241pab a2200085 454500008003600000100002600036245005100062650002200113773002000135180718b xxu||||| |||| 00| 0 eng d aSethumadhava Rao, P.H aInterdisciplinary studies and higher education aEducation, Higher aUniversity News